000 00496nam a2200181Ia 4500
999 _c29088
_d29088
003 OSt
005 20210104161855.0
008 190216s9999||||xx |||||||||||||| ||und||
020 _a9788124015841
040 _coclc
082 _a700
_bMAN/C
100 _aManual, Jose K
_97911
245 0 _aCinemayile Sareerabhasha /
_cJose K Manual
260 _bCurrent Books,
_aKottayam:
_c2005.
300 _a296p
650 _aPadanam
942 _cBK
_2ddc
_h700
_iMAN/C
_k700
_mMAN/C